[Event "Championnat de France des Jeunes - Cadet"]
[Site "LE GRAND BORNAND"]
[Date "2007.04.09"]
[Round "2.12"]
[White "Lample, Guillaume"]
[Black "Berthier, Hugo"]
[Result "1/2-1/2"]
[WhiteElo "1923"]
[BlackElo "2076"]
[PlyCount "124"]

1. e4 e5 2. d4 exd4 3. Nf3 Nc6 4. Nxd4 Bc5 5. Be3 Qf6 6. c3 Nge7 7. Bc4 Ne5 8.
Bb3 d6 9. Qd2 Qg6 10. f3 Bd7 11. Qe2 a6 12. Nd2 b5 13. a3 Bb6 14. a4 O-O 15. h3
d5 16. a5 Ba7 17. Bc2 c5 18. N4b3 Rfc8 19. f4 Nc4 20. Nxc4 dxc4 21. Nd2 Re8 22.
Nf3 Bb8 23. O-O-O Qc6 24. e5 Bf5 25. Ng5 h6 26. Bxf5 Nxf5 27. Nf3 Ng3 28. Qf2
Nxh1 29. Rxh1 b4 30. Bxc5 bxc3 31. bxc3 Qa4 32. Qb2 Qxa5 33. Bb4 Qb6 34. Nd4 a5
35. Ba3 Qxb2+ 36. Kxb2 Ba7 37. Kc2 Rac8 38. Nb5 Bc5 39. Bxc5 Rxc5 40. Nd6 Rb8
41. Ra1 g5 42. g3 Kf8 43. Ra4 gxf4 44. gxf4 Ke7 45. Nxc4 Rg8 46. Ne3 Ke6 47.
Kd3 f5 48. Kd4 Rc6 49. Rxa5 Rd8+ 50. Rd5 Ra8 51. c4 Ra2 52. Rd6+ Rxd6+ 53. exd6
Ra4 54. d7 Kxd7 55. Nxf5 Ra3 56. Nxh6 Rxh3 57. Nf5 Ke6 58. Ne3 Rh8 59. c5 Rc8
60. f5+ Kf6 61. Nd5+ Kf7 62. Nb6 Rxc5 1/2-1/2

[Event "Championnat de France des Jeunes - Cadet"]
[Site "LE GRAND BORNAND"]
[Date "2007.04.09"]
[Round "2.13"]
[White "Favarel, Antoine"]
[Black "Le Dore, Yann"]
[Result "1-0"]
[WhiteElo "2046"]
[BlackElo "1738"]
[PlyCount "73"]

1. d4 f5 2. c4 Nf6 3. Nc3 g6 4. g3 Bg7 5. Bg2 d6 6. Nf3 O-O 7. O-O Qe8 8. d5
Na6 9. Ng5 c6 10. dxc6 bxc6 11. Qa4 Nb8 12. Rd1 h6 13. Nh3 Bd7 14. Qa3 Qf7 15.
Nb5 a5 16. Be3 Na6 17. Nd4 Ne4 18. f3 Nec5 19. Qxa5 Qxc4 20. Rac1 Qf7 21. Qd2
g5 22. b4 e5 23. bxc5 exd4 24. Bxd4 d5 25. Rb1 Bxd4+ 26. Qxd4 Rfb8 27. f4 g4
28. Nf2 Qe7 29. Nd3 Qxe2 30. Rxb8+ Rxb8 31. Re1 Qc2 32. Re7 Rb1+ 33. Bf1 Rxf1+
34. Kxf1 Qd1+ 35. Re1 Qf3+ 36. Nf2 Qa3 37. Re7 1-0

[Event "Championnat de France des Jeunes - Cadet"]
[Site "LE GRAND BORNAND"]
[Date "2007.04.09"]
[Round "2.14"]
[White "Davy, Igor"]
[Black "L'Hermitte, Benjamin"]
[Result "0-1"]
[WhiteElo "1856"]
[BlackElo "2040"]
[PlyCount "64"]

1. e4 c5 2. b4 e6 3. bxc5 Bxc5 4. d4 Bb6 5. Nf3 d5 6. e5 Nc6 7. c3 Bd7 8. Bd3
Nge7 9. O-O h6 10. Na3 a6 11. Nc2 Rc8 12. Ne3 O-O 13. Nh4 Na5 14. Ng4 Nf5 15.
Nxf5 exf5 16. Nxh6+ gxh6 17. Bxh6 Qh4 18. Qc1 Rfe8 19. Bg5 Qh5 20. Qf4 Qg4 21.
Qd2 Nc4 22. Qc1 Rc6 23. Re1 Bxd4 24. Be2 Bxf2+ 25. Kxf2 Qe4 26. Bf3 Qd3 27. Rd1
Nxe5 28. Be2 Qxc3 29. Qxc3 Rxc3 30. Rxd5 Bc6 31. Ra5 Rc2 32. Kf1 Rxe2 0-1

[Event "Championnat de France des Jeunes - Cadet"]
[Site "LE GRAND BORNAND"]
[Date "2007.04.09"]
[Round "2.15"]
[White "Leroy, Olivier"]
[Black "Bertin, Marc"]
[Result "1-0"]
[WhiteElo "2023"]
[BlackElo "1510"]
[PlyCount "53"]

1. f4 e6 2. Nf3 b6 3. g3 Bb7 4. Bg2 Nf6 5. d3 Bc5 6. e3 Ng4 7. Qe2 O-O 8. O-O
Na6 9. c3 Be7 10. e4 d5 11. e5 Nc5 12. h3 Nh6 13. g4 Ba6 14. Ne1 Bh4 15. Be3
Bxe1 16. Bxc5 bxc5 17. Rxe1 Rb8 18. b3 c6 19. Nd2 Qa5 20. Rec1 Qb6 21. Kh1 Qd8
22. c4 dxc4 23. dxc4 Qd4 24. Ne4 Qd8 25. Nxc5 Rb6 26. Rd1 Qe7 27. Nd7 1-0

[Event "Championnat de France des Jeunes - Cadettes"]
[Site "LE GRAND BORNAND"]
[Date ""]
[Round "2.1"]
[White "Benmesbah, Natacha"]
[Black "Rossinot, Helene"]
[Result "1-0"]
[WhiteElo "2196"]
[BlackElo "1880"]
[Annotator ""]

1. e4 c5 2. Nf3 g6 3. d4 cxd4 4. Qxd4 Nf6 5. Nc3 Nc6 6. Qa4 d6 7. e5
dxe5 8. Nxe5 Bg7 9. Nxc6 bxc6 10. Qxc6+ Bd7 11. Qf3 Rb8 12. Bd3 O-O
13. O-O Qc7 14. Re1 Rfe8 15. Qg3 Qa5 16. a3 Be6 17. Qh4 Nd5 18. Bd2
Nxc3 19. bxc3 Bxc3 20. Bxc3 Qxc3 21. Qa4 Qc5 22. Rab1 Red8 23. Rb4
Rxb4 24. Qxb4 Qxb4 25. axb4 Rb8 26. b5 Kf8 27. Ra1 Rb7 28. c4 Rc7 29.
f3 Ke8 30. Rc1 Kd7 31. c5 Kc8 32. Kf2 Kb7 33. Ke3 Bd5 34. c6+ Kb6 35.
Kd4 e6 36. Ra1 Bxc6 37. bxc6 Kxc6 38. Rc1+ Kb6 39. Rxc7 Kxc7 40. Ke5
Kd7 41. Kf6 Ke8 42. Kg7 h5 43. h4 a5 44. Kf6 Kf8 45. Bb5 Kg8 46. Be8
Kf8 47. Bxf7 a4 48. Bxe6 a3 49. Kxg6 Ke7 50. Ba2 Kf8 51. Kxh5 Kg7 52.
Kg5 Kh8 53. f4 Kg7 54. f5 Kf8 55. Kg6 1-0

[Event "Championnat de France des Jeunes - Cadet"]
[Site "LE GRAND BORNAND"]
[Date "2007.04.09"]
[Round "2.2"]
[White "Perrusset, Barbara"]
[Black "Congiu, Mathilde"]
[Result "1/2-1/2"]
[WhiteElo "1859"]
[BlackElo "2125"]
[PlyCount "163"]

1. c4 e5 2. g3 Nc6 3. Bg2 g6 4. d3 Bg7 5. e4 d6 6. Ne2 f5 7. Nbc3 Nh6 8. O-O
O-O 9. Nd5 Kh8 10. b4 a6 11. a4 g5 12. Rb1 f4 13. Nec3 Nd4 14. a5 f3 15. Bh1 g4
16. Be3 Be6 17. Qd2 Ng8 18. Rfc1 Rc8 19. b5 axb5 20. cxb5 Qe8 21. a6 bxa6 22.
bxa6 Bxd5 23. exd5 Ra8 24. Qa2 Qh5 25. Rb7 Rf5 26. h4 gxh3 27. Kh2 Nf6 28. Bxd4
exd4 29. Ne4 Ng4+ 30. Kg1 h2+ 31. Kf1 Ne3+ 32. Ke1 Ng2+ 33. Kd1 Ne3+ 34. Ke1
Qh3 35. Kd2 Nxd5 36. a7 Bh6+ 37. Ke1 Bxc1 38. Rb8+ Rf8 39. Rxa8 Rxa8 40. Qxd5
Qc8 41. Qxd4+ Kg8 42. Qd5+ Kg7 43. Qd4+ Kf7 44. Qc4+ Qe6 45. Qxc7+ Qe7 46. Qc4+
Kf8 47. Qxc1 Rxa7 48. Qf4+ Ke8 49. Qxf3 Ra1+ 50. Kd2 Ra2+ 51. Ke1 Qe5 52. Kf1
d5 53. Nf6+ Ke7 54. Nxd5+ Kd6 55. Qf8+ Kd7 56. Qf7+ Kd8 57. Qf6+ Qxf6 58. Nxf6
Ra7 59. Ng4 Rd7 60. Nxh2 Rxd3 61. Be4 Rd7 62. Ng4 Rf7 63. Kg2 Ke7 64. f4 Kf8
65. Kf3 Kg7 66. Ne5 Ra7 67. f5 h5 68. Kf4 Kf6 69. Nf3 Rg7 70. Nh2 Ra7 71. Nf3
Rg7 72. Nh2 Ra7 73. g4 hxg4 74. Nxg4+ Kf7 75. Kg5 Ra5 76. Bc2 Kg7 77. Bb3 Rb5
78. Be6 Ra5 79. Kf4 Ra4+ 80. Kg5 Ra5 81. Kf4 Ra6 82. Kg5 1/2-1/2

[Event "Championnat de France des Jeunes - Cadet"]
[Site "LE GRAND BORNAND"]
[Date "2007.04.09"]
[Round "2.3"]
[White "Bismuth, Lea"]
[Black "Weigel, Marie"]
[Result "1/2-1/2"]
[WhiteElo "1944"]
[BlackElo "1863"]
[PlyCount "84"]

1. e4 c5 2. Nc3 e6 3. g3 Nc6 4. Bg2 Nf6 5. d3 Be7 6. f4 d5 7. e5 Nd7 8. Nf3 O-O
9. O-O a6 10. g4 b5 11. a3 Rb8 12. Bd2 a5 13. Ne2 d4 14. Ng3 Bb7 15. Qe2 Qc7
16. Rae1 Rbe8 17. f5 exf5 18. Nxf5 Bf6 19. Nd6 Re6 20. Nxb5 Qb8 21. a4 Ncxe5
22. Nxe5 Nxe5 23. Bxb7 Qxb7 24. Qe4 Qd7 25. Qg2 Bd8 26. h3 Rfe8 27. Re4 Qd5 28.
Bf4 Ng6 29. Rxe6 Qxg2+ 30. Kxg2 Rxe6 31. Bg3 Re2+ 32. Rf2 Re3 33. Nd6 Bc7 34.
Nf5 Bxg3 35. Nxg3 Nh4+ 36. Kh2 Nf3+ 37. Kg2 Nh4+ 38. Kh2 g6 39. Ne4 Nf3+ 40.
Kg2 Nh4+ 41. Kh2 Nf3+ 42. Kg2 Nh4+ 1/2-1/2

[Event "Championnat de France des Jeunes - Cadet"]
[Site "LE GRAND BORNAND"]
[Date "2007.04.09"]
[Round "2.4"]
[White "Swiercz, Sarah"]
[Black "Le Bail, Clara"]
[Result "0-1"]
[WhiteElo "1380"]
[BlackElo "1933"]
[PlyCount "94"]

1. e4 e6 2. d4 d5 3. e5 c5 4. c3 Nc6 5. Nf3 Bd7 6. Be2 Nge7 7. O-O cxd4 8. cxd4
Nf5 9. Be3 Be7 10. Bd3 Nxe3 11. fxe3 O-O 12. Nc3 f5 13. Ne2 Qe8 14. Qe1 Nb4 15.
Bb1 Rc8 16. a3 Nc2 17. Bxc2 Rxc2 18. b4 Bb5 19. Qd1 Rxe2 20. a4 Qg6 21. g3 Rxh2
22. Kxh2 Qh6+ 23. Kg2 Bxf1+ 24. Qxf1 Qxe3 25. b5 Rc8 26. Qf2 Qxf2+ 27. Kxf2 Rc4
28. a5 g5 29. a6 b6 30. Ke3 g4 31. Nd2 Bg5+ 32. Kd3 Bxd2 33. Kxd2 Rxd4+ 34. Ke3
Rc4 35. Kd3 Kg7 36. Rh1 Kg6 37. Ke3 h5 38. Kf2 f4 39. gxf4 Rxf4+ 40. Kg3 Rf3+
41. Kg2 d4 42. Rc1 Rc3 43. Rf1 Rc2+ 44. Kg3 Kg5 45. Rh1 h4+ 46. Rxh4 Rc3+ 47.
Kf2 Kxh4 0-1

[Event "Championnat de France des Jeunes - Cadet"]
[Site "LE GRAND BORNAND"]
[Date "2007.04.09"]
[Round "2.5"]
[White "Ezanno, Morgane"]
[Black "Des Bouillons, Pauline"]
[Result "0-1"]
[WhiteElo "1914"]
[BlackElo "1618"]
[PlyCount "86"]

1. e4 c5 2. Nc3 Nc6 3. f4 e6 4. Nf3 d5 5. e5 Nge7 6. g3 Nf5 7. d3 Be7 8. Bg2
O-O 9. O-O Rb8 10. a4 a6 11. Qe2 b5 12. axb5 axb5 13. Qf2 Bd7 14. Kh1 b4 15.
Na4 Ra8 16. b3 Qc7 17. Bb2 Na5 18. Rfd1 Rfb8 19. g4 Nh6 20. h3 c4 21. dxc4 dxc4
22. Bd4 Bxa4 23. Rxa4 Rd8 24. Rda1 Ra6 25. Nd2 cxb3 26. Nxb3 Nxb3 27. Rxa6 Nxd4
28. Be4 f5 29. Ra7 Qc3 30. Bd3 Bc5 31. Ra8 Nc6 32. Qg2 Bd4 33. R1a6 Nb8 34.
Rxe6 fxg4 35. hxg4 Qe1+ 36. Qf1 Qh4+ 37. Kg2 Qxg4+ 38. Kh2 Qxe6 39. Qg2 Ng4+
40. Kg3 Bf2+ 41. Kf3 Rxd3+ 42. cxd3 Qc6+ 43. Kxg4 Qxg2+ 0-1

[Event "Championnat de France des Jeunes - Cadet"]
[Site "LE GRAND BORNAND"]
[Date "2007.04.09"]
[Round "2.7"]
[White "Riquebon, Nathalie"]
[Black "Cheype, Marie"]
[Result "1/2-1/2"]
[WhiteElo "1767"]
[BlackElo "1847"]
[PlyCount "99"]

1. d4 f5 2. c4 g6 3. Nc3 Nf6 4. Bg5 Bg7 5. f4 b6 6. Nf3 Bb7 7. Bxf6 Bxf6 8. e3
O-O 9. Be2 d6 10. Qb3 Qd7 11. h4 Qe6 12. Kd2 c5 13. d5 Qd7 14. h5 e6 15. hxg6
hxg6 16. dxe6 Qxe6 17. Nd5 Bd8 18. Rh6 Nc6 19. Rah1 Na5 20. Qd3 Rc8 21. b3 b5
22. Rh7 bxc4 23. bxc4 Nxc4+ 24. Qxc4 Bxd5 25. Rh8+ Kf7 26. R1h7+ Ke8 27. Qb5+
Bc6 28. Qb2 Ba5+ 29. Kc1 Qxe3+ 30. Nd2 Qxd2+ 31. Qxd2 Bxd2+ 32. Kxd2 Rxh8 33.
Rxh8+ Kd7 34. Rh7+ Ke6 35. g3 a5 36. Ra7 Ra8 37. Rc7 Bd5 38. a4 Bb3 39. Bb5 d5
40. Rxc5 d4 41. Kd3 Rd8 42. Re5+ Kf6 43. Bc6 Rd6 44. Be8 Rd8 45. Bc6 Rd6 46.
Bf3 Bxa4 47. Rxa5 Bd7 48. Bd5 g5 49. Kxd4 Be6 50. Kc4 1/2-1/2

[Event "Championnat de France des Jeunes - Cadet"]
[Site "LE GRAND BORNAND"]
[Date "2007.04.09"]
[Round "2.8"]
[White "Belloc, Sidonie"]
[Black "Bartolo, Alexia"]
[Result "0-1"]
[WhiteElo "1789"]
[BlackElo "1450"]
[PlyCount "124"]

1. e4 e5 2. Nf3 Nc6 3. Bc4 Bc5 4. c3 f5 5. d3 Nf6 6. Qe2 Qe7 7. b4 Bb6 8. a4 a6
9. Ba3 d6 10. Nbd2 Be6 11. Bxe6 Qxe6 12. O-O O-O 13. h3 Rfe8 14. Ng5 Qd7 15.
exf5 Qxf5 16. Nge4 Rad8 17. Rad1 Qe6 18. Nxf6+ Qxf6 19. Nc4 Ba7 20. b5 axb5 21.
axb5 Ne7 22. Bc1 Ng6 23. Ne3 Qe6 24. Nf5 Qxf5 25. Qa2+ Qf7 26. Qxa7 b6 27. Qa4
Qd5 28. c4 Qa8 29. Qc2 Re6 30. Be3 Nf4 31. Bxf4 exf4 32. Ra1 Qb7 33. Ra6 Ra8
34. Rfa1 Rxa6 35. Rxa6 f3 36. g3 Qc8 37. Qd1 Re2 38. Qf1 Qe6 39. Ra1 d5 40. Rc1
dxc4 41. dxc4 h5 42. h4 Qe7 43. Qd1 Qc5 44. Qd8+ Kf7 45. Qd7+ Re7 46. Qd3 Re5
47. Qxf3+ Rf5 48. Qe3 Kf6 49. Qe2 Re5 50. Qb2 g5 51. Re1 gxh4 52. Rxe5 Qxe5 53.
Qxe5+ Kxe5 54. gxh4 Kf4 55. Kg2 Kg4 56. f3+ Kxh4 57. Kf2 Kg5 58. Kg2 Kf4 59.
Kf2 h4 60. Kg2 h3+ 61. Kxh3 Kxf3 62. Kh4 Ke4 0-1

[Event "Championnat de France des Jeunes - Cadet"]
[Site "LE GRAND BORNAND"]
[Date "2007.04.09"]
[Round "2.9"]
[White "Josse, Anais"]
[Black "Revidon, Laetitia"]
[Result "0-1"]
[WhiteElo "1700"]
[BlackElo "1774"]
[PlyCount "58"]

1. e4 d6 2. d4 Nf6 3. Nc3 g6 4. Bc4 Bg7 5. h3 c6 6. Bb3 Nbd7 7. Nf3 Qc7 8. O-O
O-O 9. Bg5 b5 10. a3 a5 11. Re1 e5 12. d5 Bb7 13. dxc6 Bxc6 14. Qd3 Nc5 15.
Nxb5 Bxb5 16. Qxb5 Nfxe4 17. Qc4 Rac8 18. Rxe4 Nxe4 19. Qxe4 Qc6 20. Re1 d5 21.
Qe3 Rfe8 22. Rd1 d4 23. Qe2 a4 24. Ba2 Qxc2 25. Rd2 Qc5 26. Qa6 e4 27. Nxd4
Qxg5 28. Rd1 Bxd4 29. Rxd4 Rc1+ 0-1

[Event "Championnat de France des Jeunes - Minimes"]
[Site "LE GRAND BORNAND"]
[Date ""]
[Round "2.1"]
[White "Laurent, Maxime"]
[Black "Saatdjian, Thomas"]
[Result "0-1"]
[WhiteElo "1988"]
[BlackElo "2229"]
[Annotator ""]

1. d4 Nf6 2. c4 c5 3. d5 b5 4. Nf3 Bb7 5. Qc2 Na6 6. a3 bxc4 7. e4 Nc7
8. Bxc4 e6 9. O-O Be7 10. d6 Bxd6 11. e5 Be7 12. exf6 Bxf6 13. Be2 Be7
14. Be3 d6 15. Rd1 Nd5 16. Qa4+ Kf8 17. Nc3 Nxe3 18. fxe3 Qb6 19. Qb5
Qc7 20. Rac1 Rb8 21. Qd3 d5 22. Nb5 Qb6 23. a4 a6 24. Nc3 c4 25. Qd2
Bc5 26. Nd4 g6 27. Rf1 Kg7 28. Na2 a5 29. Qc3 e5 30. Nc2 f6 31. Kh1
Bc6 32. Rxf6 Kxf6 33. Rf1+ Ke6 34. Bg4+ Kd6 35. Rf6+ Kc7 36. Rf7+ Kd8
37. Qxe5 Re8 38. Qf6+ Be7 39. Qe6 Qc7 40. Nd4 Rb6 41. Rxe7 Rxe7 42.
Qg8+ Be8 43. Qxd5+ Bd7 44. Nb5 Qc6 45. Qd4 Qf6 46. Qd1 Rf7 47. Bf3 Qe5
48. Nac3 Ke8 49. Nd5 Rb8 50. Ndc7+ Kf8 51. Nd6 Re7 52. e4 Qxb2 53. Qf1
Kg7 54. Bd1 Rf8 55. Qxc4 Qf6 56. Qc5 Qf1+ 57. Qg1 Qd3 0-1

[Event "Championnat de France des Jeunes - Minim"]
[Site "LE GRAND BORNAND"]
[Date "2007.04.09"]
[Round "2.2"]
[White "Demuth, Adrien"]
[Black "Durandeau, Jean-Marie"]
[Result "1-0"]
[WhiteElo "2174"]
[BlackElo "1964"]
[PlyCount "41"]

1. d4 Nf6 2. c4 g6 3. Nc3 Bg7 4. e4 d6 5. Nf3 O-O 6. Be2 Na6 7. O-O e5 8. Re1
c6 9. Rb1 exd4 10. Nxd4 Nc5 11. f3 a5 12. Be3 Qe7 13. Qd2 Nh5 14. Bf1 Rd8 15.
b3 Qe5 16. Rbd1 Qe7 17. g3 Qc7 18. Bg2 Ne6 19. Nxe6 fxe6 20. Na4 c5 21. Bxc5
1-0

[Event "Championnat de France des Jeunes - Minim"]
[Site "LE GRAND BORNAND"]
[Date "2007.04.09"]
[Round "2.3"]
[White "Sauvan, Olivier"]
[Black "Charmeteau, Sven"]
[Result "0-1"]
[WhiteElo "1968"]
[BlackElo "2149"]
[PlyCount "52"]

1. d4 d5 2. Nf3 Nf6 3. c4 e6 4. Nc3 c5 5. Bg5 cxd4 6. Nxd4 Be7 7. e3 O-O 8. Qb3
dxc4 9. Bxc4 a6 10. a4 Qa5 11. Bh4 b5 12. Bd3 Bb7 13. O-O b4 14. Nce2 Nbd7 15.
Rac1 Nc5 16. Qd1 Rfd8 17. Nb3 Qb6 18. Nxc5 Bxc5 19. Qb3 Qc6 20. e4 Nxe4 21.
Bxe4 Qxe4 22. Qg3 Rd3 23. Nc3 bxc3 24. Rfe1 cxb2 25. Rb1 Rxg3 26. Rxe4 Rxg2+
0-1

[Event "Championnat de France des Jeunes - Minim"]
[Site "LE GRAND BORNAND"]
[Date "2007.04.09"]
[Round "2.4"]
[White "Perusseau, Clement"]
[Black "Ollier, Pablo"]
[Result "0-1"]
[WhiteElo "1961"]
[BlackElo "2124"]
[PlyCount "128"]

1. e4 e6 2. d4 d5 3. exd5 exd5 4. Nf3 Bd6 5. c4 Nf6 6. Bd3 O-O 7. O-O dxc4 8.
Bxc4 Bg4 9. Bg5 h6 10. Bh4 Nc6 11. d5 Ne5 12. Be2 Ng6 13. Bxf6 Qxf6 14. Nc3
Rfe8 15. Nd4 Bh3 16. Re1 Bxg2 17. Kxg2 Nf4+ 18. Kh1 Nh3 19. Rf1 Nxf2+ 20. Rxf2
Qxf2 21. Qg1 Qxg1+ 22. Rxg1 Bc5 23. Rd1 Re5 24. Nf3 Re3 25. Rd3 Rae8 26. Rxe3
Rxe3 27. Kg2 g5 28. Nd2 Bd4 29. Nc4 Re7 30. Kf1 a6 31. Na5 Bxc3 32. bxc3 b6 33.
Nc6 Re3 34. c4 Ra3 35. Nb4 Kf8 36. c5 bxc5 37. Nxa6 Rxa2 38. Nxc7 Ke7 39. Nb5
f5 40. Ke1 Rb2 41. Bd3 Rb4 42. Kd2 c4 43. d6+ Kd8 44. Na7 Rb6 45. Bxf5 Rxd6+
46. Kc3 Rf6 47. Bg4 Rf4 48. h3 Ke7 49. Nc6+ Kf6 50. Nd4 Kg6 51. Kxc4 h5 52. Bd7
Kf6 53. Kd3 Ke5 54. Ne2 Rf3+ 55. Kd2 Ra3 56. Ke1 Ke4 57. Bc6+ Ke3 58. Nc1 Rc3
59. Ne2 Rxc6 60. Kd1 Rd6+ 61. Ke1 Ra6 62. Kd1 Ra1+ 63. Nc1 Kf3 64. Kd2 Rxc1 0-1

[Event "Championnat de France des Jeunes - Minim"]
[Site "LE GRAND BORNAND"]
[Date "2007.04.09"]
[Round "2.5"]
[White "Martin, Tristan"]
[Black "Massoni, Michael"]
[Result "0-1"]
[WhiteElo "1953"]
[BlackElo "2077"]
[PlyCount "58"]

1. d4 g6 2. e4 Bg7 3. Nc3 c5 4. dxc5 Qa5 5. Bd2 Qxc5 6. Nd5 Na6 7. Nf3 e6 8.
Nc3 Ne7 9. Bf4 O-O 10. Bxa6 bxa6 11. Bd6 Bxc3+ 12. bxc3 Qxc3+ 13. Nd2 Re8 14.
Rb1 Qd4 15. Ba3 Nc6 16. Bb2 Qc5 17. O-O e5 18. Nb3 Qe7 19. Qd5 Rb8 20. a3 Bb7
21. Nc5 Ba8 22. Qc4 Na5 23. Qc3 Rbc8 24. Qxa5 Qxc5 25. Qxa6 Bxe4 26. Rfe1 d5
27. Re3 Qxc2 28. Ree1 Rb8 29. Rec1 Rxb2 0-1

[Event "Championnat de France des Jeunes - Minim"]
[Site "LE GRAND BORNAND"]
[Date "2007.04.09"]
[Round "2.7"]
[White "Heinrich, Nicolas"]
[Black "Sochacki, Wojtek"]
[Result "0-1"]
[WhiteElo "1950"]
[BlackElo "2068"]
[PlyCount "76"]

1. d4 Nf6 2. c4 e6 3. Nc3 Bb4 4. e3 O-O 5. Bd3 b6 6. Nf3 Bb7 7. a3 Bxc3+ 8.
bxc3 Ne4 9. h4 f5 10. Qc2 d6 11. Rb1 Nd7 12. Rh3 Ndf6 13. Ng5 Nxg5 14. hxg5 Ne4
15. f4 e5 16. g3 Qe7 17. c5 exf4 18. gxf4 Rae8 19. Rb2 Bd5 20. c4 Bf7 21. cxb6
axb6 22. Qh2 Bg6 23. Rg2 c6 24. Be2 d5 25. Rg1 Qa7 26. Rh1 Qa5+ 27. Kf1 Qc3 28.
Kg2 Qc2 29. Kf3 Nxg5+ 30. fxg5 f4 31. Re1 fxe3+ 32. Kg3 Rf2 33. Qh1 Rxe2 34.
cxd5 Be4 35. Rxe2 Qxe2 36. Qg1 Bxd5 37. Rh4 Rb8 38. Rg4 Be6 0-1

[Event "Championnat de France des Jeunes - Minim"]
[Site "LE GRAND BORNAND"]
[Date "2007.04.09"]
[Round "2.8"]
[White "Praddaude, Leo"]
[Black "Stephan, Victor"]
[Result "0-1"]
[WhiteElo "1950"]
[BlackElo "2064"]
[PlyCount "56"]

1. d4 Nf6 2. c4 g6 3. Nc3 Bg7 4. e4 d6 5. Be2 O-O 6. Nf3 e5 7. O-O Nc6 8. d5
Ne7 9. b4 Nh5 10. Re1 f5 11. Nd2 Nf4 12. Bf1 fxe4 13. Ndxe4 Nf5 14. g3 Nh5 15.
Bg5 Nf6 16. Nxf6+ Bxf6 17. Bxf6 Qxf6 18. Ne4 Qf7 19. Rc1 a5 20. a3 axb4 21.
axb4 Nd4 22. Bg2 Ra2 23. f4 Qf5 24. fxe5 dxe5 25. Rf1 Rxg2+ 26. Kh1 Qxe4 27.
Rxf8+ Kxf8 28. Qf1+ Rf2+ 0-1

[Event "Championnat de France des Jeunes - Minim"]
[Site "LE GRAND BORNAND"]
[Date "2007.04.09"]
[Round "2.9"]
[White "Baudson, Charles"]
[Black "Nicolas, Tristan"]
[Result "1-0"]
[WhiteElo "2059"]
[BlackElo "1949"]
[PlyCount "89"]

1. e4 c5 2. c3 e5 3. Nf3 Nc6 4. Bb5 Qc7 5. O-O Nf6 6. d4 d6 7. d5 a6 8. Qa4 Rb8
9. Bxc6+ bxc6 10. dxc6 Rb6 11. Be3 Rxb2 12. Na3 Rb6 13. Nc4 Rb5 14. Rab1 Qxc6
15. Nfxe5 dxe5 16. Nxe5 Qxe4 17. c4 Nd7 18. Rbe1 Rb4 19. Qc6 Qxc6 20. Nxc6 Rb7
21. Bf4+ Ne5 22. Rxe5+ Be6 23. Rd1 Rd7 24. Rxd7 Kxd7 25. Nb8+ Kc8 26. Re1 Bxc4
27. Re8+ Kb7 28. Nd7 g5 29. Be5 Bg7 30. Rxh8 Bxh8 31. Bxh8 Kc6 32. Ne5+ Kd5 33.
Nxc4 Kxc4 34. g4 Kb4 35. Bf6 c4 36. Kf1 Ka3 37. Ke1 Kxa2 38. Kd2 Kb3 39. Bc3 h6
40. h3 f6 41. f3 Ka3 42. Bxf6 Kb3 43. Bc3 Ka3 44. Kc2 Ka4 45. Kb2 1-0

[Event "Championnat de France des Jeunes - Minim"]
[Site "LE GRAND BORNAND"]
[Date "2007.04.09"]
[Round "2.10"]
[White "Mahiouz, Oualid"]
[Black "Iellatchitch, Alexandre"]
[Result "1-0"]
[WhiteElo "1943"]
[BlackElo "2055"]
[PlyCount "73"]

1. e4 e6 2. d3 d5 3. Nd2 c5 4. g3 Nf6 5. Bg2 Nc6 6. f4 b6 7. Ngf3 Bb7 8. e5 Nd7
9. O-O Be7 10. Re1 b5 11. c3 Qb6 12. g4 O-O-O 13. Nf1 Nf8 14. Be3 d4 15. Bf2
Ng6 16. Qd2 h5 17. g5 Kb8 18. Rec1 Rd7 19. Ng3 Qd8 20. c4 b4 21. Ne4 Qc7 22.
Nh4 Bf8 23. Nxg6 fxg6 24. Bh3 Nd8 25. a3 a5 26. axb4 axb4 27. Ra4 Bxe4 28. dxe4
Qc6 29. Rca1 Rf7 30. Bg2 Be7 31. h4 Rhf8 32. Bg3 Nb7 33. Ra6 Qd7 34. Bh3 Nd8
35. Ra8+ Kc7 36. R8a7+ Nb7 37. R1a6 1-0

[Event "Championnat de France des Jeunes - Minim"]
[Site "LE GRAND BORNAND"]
[Date "2007.04.09"]
[Round "2.11"]
[White "Lograda, Alexis"]
[Black "Hutois, Mickael"]
[Result "1-0"]
[WhiteElo "2052"]
[BlackElo "1935"]
[PlyCount "47"]

1. e4 e5 2. Nf3 Nc6 3. Bb5 a6 4. Ba4 Nf6 5. O-O b5 6. Bb3 Be7 7. Re1 O-O 8. h3
d6 9. c3 Bb7 10. d3 h6 11. Nbd2 Kh8 12. Nf1 Nh7 13. Ne3 Na5 14. Bc2 Ng5 15. b4
Nc6 16. Nh2 Ne6 17. g3 Bc8 18. h4 Rg8 19. Nf5 Bf8 20. Ng4 Ne7 21. a4 Rb8 22.
axb5 axb5 23. Bd2 h5 24. Nxe5 1-0

[Event "Championnat de France des Jeunes - Minim"]
[Site "LE GRAND BORNAND"]
[Date "2007.04.09"]
[Round "2.12"]
[White "Chretien, Antonin"]
[Black "Gabard, Alexandre"]
[Result "0-1"]
[WhiteElo "1932"]
[BlackElo "2041"]
[PlyCount "74"]

1. d4 e6 2. Nf3 d5 3. c4 Nf6 4. Nc3 c5 5. cxd5 Nxd5 6. e4 Nxc3 7. bxc3 cxd4 8.
cxd4 Nc6 9. Bb5 Qa5+ 10. Bd2 Qxb5 11. Rb1 Qd3 12. Rb3 Qxe4+ 13. Re3 Qd5 14. O-O
Be7 15. Qb1 b6 16. Rfe1 Bb7 17. Bc3 Bf6 18. Re4 O-O 19. h4 Qf5 20. Qd1 h5 21.
Ng5 Bxg5 22. hxg5 Ne7 23. Re5 Qg4 24. f3 Qf4 25. Bb4 Ng6 26. Bxf8 Nxe5 27. dxe5
Rxf8 28. Qd7 Qg3 29. Rf1 Ba6 30. Rd1 Be2 31. Rd2 Bxf3 32. Rf2 Bd5 33. Qxa7 h4
34. g6 fxg6 35. Rxf8+ Kxf8 36. Qb8+ Kf7 37. Qc7+ Kg8 0-1

[Event "Championnat de France des Jeunes - Minim"]
[Site "LE GRAND BORNAND"]
[Date "2007.04.09"]
[Round "2.13"]
[White "Martin, Cedric"]
[Black "Paci, Romain"]
[Result "1-0"]
[WhiteElo "2029"]
[BlackElo "1932"]
[PlyCount "127"]

1. e4 g6 2. d4 Bg7 3. Nc3 c6 4. f4 d5 5. e5 f6 6. Nf3 Nh6 7. Bd3 O-O 8. O-O Nf7
9. Ne2 fxe5 10. fxe5 c5 11. c3 Nc6 12. Qe1 Qb6 13. Qg3 cxd4 14. cxd4 Ncxe5 15.
Nxe5 Bxe5 16. Qf3 Bxd4+ 17. Kh1 Bf6 18. Qxd5 Be6 19. Qe4 Rfd8 20. Be3 Qd6 21.
Rad1 Bd5 22. Qa4 Qc6 23. Qxc6 bxc6 24. b3 a5 25. Nf4 Ne5 26. Bb1 a4 27. b4 Nc4
28. Bc5 Kg7 29. Be4 Bxe4 30. Ne6+ Kg8 31. Rxd8+ Rxd8 32. Nxd8 Bd5 33. Nb7 Nd2
34. Rd1 Ne4 35. Na5 Nc3 36. Rd2 Ne4 37. Re2 Nxc5 38. bxc5 a3 39. Re3 Bb2 40.
Nb3 e5 41. Kg1 Kf7 42. Kf1 Ke6 43. g3 Bc4+ 44. Ke1 Kd5 45. Kd2 Bxb3 46. Rxb3
Kxc5 47. Rb7 Kd4 48. Rxh7 c5 49. Rd7+ Ke4 50. Rg7 c4 51. Rxg6 c3+ 52. Kc2 Kf5
53. Rg8 e4 54. g4+ Kf4 55. g5 e3 56. g6 Kf5 57. Re8 Kxg6 58. Rxe3 Kg5 59. Re4
Kf5 60. Rd4 Kg5 61. h3 Kh5 62. h4 Kg6 63. Rd1 Kh5 64. Rh1 1-0

[Event "Championnat de France des Jeunes - Minim"]
[Site "LE GRAND BORNAND"]
[Date "2007.04.09"]
[Round "2.14"]
[White "Lebreton, Flavien"]
[Black "Baudry, Lyam"]
[Result "1/2-1/2"]
[WhiteElo "1927"]
[BlackElo "2028"]
[PlyCount "119"]

1. d4 d5 2. Nf3 Nf6 3. c4 c6 4. Nc3 dxc4 5. a4 e6 6. e3 Nbd7 7. Bxc4 Bb4 8. O-O
Qa5 9. Na2 Bd6 10. Bd2 Qc7 11. Bc3 O-O 12. Nc1 e5 13. dxe5 Nxe5 14. Nxe5 Bxe5
15. Bxe5 Qxe5 16. Nd3 Qe7 17. Qb3 Bf5 18. Rfd1 Rfd8 19. Nf4 Ne4 20. Ne2 Rac8
21. Nd4 Bg6 22. Nf3 Bh5 23. Be2 Nd2 24. Rxd2 Rxd2 25. Nxd2 Bxe2 26. Re1 Bg4 27.
f3 Be6 28. Qc3 Rd8 29. Ne4 Bf5 30. Nf2 c5 31. e4 Be6 32. Rd1 Rxd1+ 33. Nxd1 Qd6
34. Ne3 b6 35. g3 h6 36. Kf2 a6 37. Ke2 Kf8 38. Qd3 Qxd3+ 39. Kxd3 Bb3 40. Nc4
b5 41. axb5 axb5 42. Nd6 Ba4 43. Nb7 c4+ 44. Kd4 Ke7 45. Nc5 Bd1 46. f4 Kd6 47.
e5+ Kc6 48. e6 fxe6 49. Nxe6 g6 50. Nd8+ Kb6 51. Nf7 h5 52. Ne5 Bc2 53. h3 Ka5
54. Kc3 Be4 55. g4 hxg4 56. hxg4 Ka4 57. Nxc4 bxc4 58. Kxc4 Bf3 59. f5 gxf5 60.
gxf5 1/2-1/2

[Event "Championnat de France des Jeunes - Minim"]
[Site "LE GRAND BORNAND"]
[Date "2007.04.09"]
[Round "2.15"]
[White "Buscara, Sevan"]
[Black "Magnin, Guillaume"]
[Result "1-0"]
[WhiteElo "2022"]
[BlackElo "1919"]
[PlyCount "67"]

1. d4 Nf6 2. Nf3 e6 3. Bf4 b6 4. e3 Bb7 5. Be2 Be7 6. h3 c5 7. c3 O-O 8. O-O d6
9. Nbd2 Nbd7 10. Bd3 cxd4 11. cxd4 Nd5 12. Bh2 Nb4 13. Be2 f5 14. a3 Na6 15.
Rc1 h6 16. Qc2 Rc8 17. Qa4 Ndb8 18. b4 Qd7 19. Bb5 Qd8 20. Bc4 d5 21. Bd3 Bf6
22. Bxb8 Nxb8 23. Qxa7 Rxc1 24. Rxc1 Rf7 25. Qa4 Qd6 26. Qc2 g5 27. Bb5 Kg7 28.
g4 f4 29. Be8 Nc6 30. Bxf7 Kxf7 31. Qh7+ Bg7 32. exf4 Qxf4 33. Ne5+ Ke8 34.
Qg8+ 1-0